LIBRARY ONLINE CATALOGUE

The Christian ministry. (Record no. 7108)

MARC details
000 -LEADER
fixed length control field 00641cam a22002292 4500
001 - CONTROL NUMBER
control field 0000005890
005 - DATE AND TIME OF LATEST TRANSACTION
control field 20151217152007.0
008 - FIXED-LENGTH DATA ELEMENTS--GENERAL INFORMATION
fixed length control field 070809s xx 000 0 eng d
020 ## - INTERNATIONAL STANDARD BOOK NUMBER
International Standard Book Number 1428610979 :
040 ## - CATALOGING SOURCE
Original cataloging agency KABU
Transcribing agency KABU
050 #0 - LIBRARY OF CONGRESS CALL NUMBER
Classification number BV2060
Item number .B75 1830
100 1# - MAIN ENTRY--PERSONAL NAME
Personal name Bridges, Charles.
-- 0000157164
245 14 - TITLE STATEMENT
Title The Christian ministry.
250 ## - EDITION STATEMENT
Edition statement 3rd ed.
260 ## - PUBLICATION, DISTRIBUTION, ETC. (IMPRINT)
Place of publication, distribution, etc. London :
Name of publisher, distributor, etc. R. B. Seeley,
Date of publication, distribution, etc. 1830.
300 ## - PHYSICAL DESCRIPTION
Extent xiii, 672 p.
650 #0 - SUBJECT ADDED ENTRY--TOPICAL TERM
Topical term or geographic name as entry element Missions.
-- 0000149612
908 ## - PUT COMMAND PARAMETER (RLIN)
Put command parameter 070809
950 ## - LOCAL HOLDINGS (RLIN)
-- 1
Holdings
Withdrawn status Lost status Source of classification or shelving scheme Not for loan Home library Current library Date acquired Total Checkouts Full call number Barcode Date last seen Price effective from Koha item type
    Library of Congress Classification   Kabarak, Main Campus Kabarak, Main Campus 17/12/2015   BV2060 .B75 1830 000411 02/08/2024 17/12/2015 General Collection
    Library of Congress Classification   Kabarak, Main Campus Kabarak, Main Campus 17/12/2015   BV2060 .B75 1830 000406 02/08/2024 17/12/2015 General Collection